000 00812naa a22002537a 4500
001 BR7304636
003 BR-BrBNA
005 20240918173455.0
007 ta
008 230509b bl.||||| |||| 00| 0 por d
040 _aBR-BrBNA
_bpor
_cBiblioteca Nacional de Agricultura
041 _a(Pt)
072 _aL30
_b0230
090 _aL30 BR7304636
100 1 _aPeixoto, A.M.
245 1 _aCana de acucar como forrageira
260 3 _aSao Paulo, SP (Brasil):
_c1964.
500 _aCultura e adubacao da cana de acucar Sao Paulo, SP (Brasil): 1964. p. 307-318 (BR7304636-AM)L30
650 _aCANA DE ACUCAR
650 _aFORRAGEM
773 0 _tCultura e adubacao da cana de acucar
_wL30 BR7304636
_gSao Paulo, SP (Brasil), 1964. p. 307-318
909 _a202404
_bLucia
_c55
_dLucia Elande
942 _cAM
_2AGRIS
999 _c304822
_d304822